<?xml version="1.0" encoding="UTF-8"?><?xml-stylesheet type="text/xsl" href="static/style.xsl"?><OAI-PMH xmlns="http://www.openarchives.org/OAI/2.0/" xmlns:xsi="http://www.w3.org/2001/XMLSchema-instance" xsi:schemaLocation="http://www.openarchives.org/OAI/2.0/ http://www.openarchives.org/OAI/2.0/OAI-PMH.xsd"><responseDate>2026-05-14T08:09:54Z</responseDate><request verb="GetRecord" identifier="oai:riubu.ubu.es:10259/8498" metadataPrefix="marc">https://riubu.ubu.es/oai/request</request><GetRecord><record><header><identifier>oai:riubu.ubu.es:10259/8498</identifier><datestamp>2024-01-27T01:05:27Z</datestamp><setSpec>com_10259_4665</setSpec><setSpec>com_10259_5086</setSpec><setSpec>com_10259_2604</setSpec><setSpec>col_10259_4693</setSpec></header><metadata><record xmlns="http://www.loc.gov/MARC21/slim" xmlns:doc="http://www.lyncode.com/xoai" xmlns:xsi="http://www.w3.org/2001/XMLSchema-instance" xmlns:dcterms="http://purl.org/dc/terms/" xsi:schemaLocation="http://www.loc.gov/MARC21/slim http://www.loc.gov/standards/marcxml/schema/MARC21slim.xsd">
<leader>00925njm 22002777a 4500</leader>
<datafield tag="042" ind1=" " ind2=" ">
<subfield code="a">dc</subfield>
</datafield>
<datafield tag="720" ind1=" " ind2=" ">
<subfield code="a">San Martín Calvo, Marina</subfield>
<subfield code="e">author</subfield>
</datafield>
<datafield tag="260" ind1=" " ind2=" ">
<subfield code="c">2023</subfield>
</datafield>
<datafield tag="520" ind1=" " ind2=" ">
<subfield code="a">La relevancia de los programas de clemencia en la lucha contra los cárteles es&#xd;
indudable. Constituyen el instrumento más efectivo y el que implica menor coste&#xd;
económico al Estado. la Directiva 2014/104/UE vino a regular la interacción de la&#xd;
clemencia con las acciones de reclamación de los daños que pudieran interponer los&#xd;
afectados por el cártel, adoptando un sistema que está causando serias dificultades en su&#xd;
aplicación práctica, y que se ha traducido en un importante descenso del número de&#xd;
solicitudes de clemencia presentadas ante las ANC. Es necesario plantearse si las medidas&#xd;
adoptadas por la Directiva de Daños para proteger al solicitante de clemencia son lo&#xd;
bastante atractivas y si el sistema de consenso que pretendió arbitrarse funciona. Sobre&#xd;
este particular y las medidas que pueden implementarse para que la clemencia siga&#xd;
despertando interés entre los cartelistas versa este trabajo.</subfield>
</datafield>
<datafield tag="520" ind1=" " ind2=" ">
<subfield code="a">The relevance of leniency programs in the fight against cartels is unquestionable. They&#xd;
constitute the most effective instrument and implies the least economic cost to the State.&#xd;
Directive 2014/104/EU came to regulate the interaction of leniency programs with the&#xd;
actions to claim damages that could be submitted by the victims. The system adopted is&#xd;
causing serious difficulties in its practical application, and that has resulted in a significant&#xd;
decrease in the leniency applications submitted to the NCAs. It is necessary to consider&#xd;
whether the measures adopted by the Directive to protect the leniency applicant are&#xd;
attractive enough, as well as the consensus system still works. This paper concerns on&#xd;
this matter and the measures that can be implemented so that leniency continues to arouse&#xd;
interest among the cartel participants.</subfield>
</datafield>
<datafield tag="024" ind2=" " ind1="8">
<subfield code="a">http://hdl.handle.net/10259/8498</subfield>
</datafield>
<datafield ind1=" " ind2=" " tag="653">
<subfield code="a">Clemencia</subfield>
</datafield>
<datafield ind1=" " ind2=" " tag="653">
<subfield code="a">TJUE</subfield>
</datafield>
<datafield ind1=" " ind2=" " tag="653">
<subfield code="a">Directiva 104/2014/UE</subfield>
</datafield>
<datafield ind1=" " ind2=" " tag="653">
<subfield code="a">Pfleiderer</subfield>
</datafield>
<datafield ind1=" " ind2=" " tag="653">
<subfield code="a">Daños</subfield>
</datafield>
<datafield ind1=" " ind2=" " tag="653">
<subfield code="a">Unión Europea</subfield>
</datafield>
<datafield ind1=" " ind2=" " tag="653">
<subfield code="a">Cártel</subfield>
</datafield>
<datafield ind1=" " ind2=" " tag="653">
<subfield code="a">ANC</subfield>
</datafield>
<datafield ind1=" " ind2=" " tag="653">
<subfield code="a">Derecho de la Competencia</subfield>
</datafield>
<datafield ind1=" " ind2=" " tag="653">
<subfield code="a">Claims</subfield>
</datafield>
<datafield ind1=" " ind2=" " tag="653">
<subfield code="a">CJEU</subfield>
</datafield>
<datafield ind1=" " ind2=" " tag="653">
<subfield code="a">Directive 104/2014/EU</subfield>
</datafield>
<datafield ind1=" " ind2=" " tag="653">
<subfield code="a">Damages</subfield>
</datafield>
<datafield ind1=" " ind2=" " tag="653">
<subfield code="a">Leniency programs</subfield>
</datafield>
<datafield ind1=" " ind2=" " tag="653">
<subfield code="a">National Competition Authority</subfield>
</datafield>
<datafield ind1=" " ind2=" " tag="653">
<subfield code="a">Competition Law</subfield>
</datafield>
<datafield tag="245" ind1="0" ind2="0">
<subfield code="a">El difícil equilibrio entre las políticas de clemencia y las reclamaciones de daños por ilícitos anticompetitivos: perspectivas de futuro</subfield>
</datafield>
</record></metadata></record></GetRecord></OAI-PMH>